[Event "BL2-West 1516"]
[Site "Germany"]
[Date "2015.09.20"]
[Round "1.3"]
[White "Nabuurs, Joep"]
[Black "Zaragatski, Ilja"]
[Result "1/2-1/2"]
[WhiteElo "2293"]
[BlackElo "2461"]
[PlyCount "68"]
[EventDate "2015.09.20"]
[EventType "team-tourn"]
[EventRounds "9"]
[EventCountry "GER"]
[SourceTitle "EXT 2017"]
[Source "ChessBase"]
[SourceDate "2016.10.25"]
[SourceVersion "1"]
[SourceVersionDate "2016.10.25"]
[SourceQuality "1"]
[WhiteTeam "Muelheim II"]
[BlackTeam "Katernberg"]
[WhiteTeamCountry "GER"]
[BlackTeamCountry "GER"]

1. e4 d6 2. d4 Nf6 3. Nc3 e5 4. Nf3 Nbd7 5. Bc4 Be7 6. 0-0 Nb6 7. Be2 exd4 8. Nxd4 0-0 9. Bf4 c6 10. a4 a5 11. Qd3 d5 12. e5 Nfd7 13. b3 f6 14. e6 Ne5 15. Qg3 Kh8 16. Rad1 Qe8 17. Bd3 Bb4 18. Bf5 Qh5 19. Bh3 Re8 20. Na2 Bc5 21. c3 Ng6 22. Bc7 Nf8 23. Rde1 Qg6 24. Qf3 Re7 25. Bd8 Re8 26. Bc7 Re7 27. Bd8 Re8 28. Bf5 Qg5 29. Bc7 Ng6 30. Bxg6 Qxg6 31. Re2 Re7 32. Bd8 Re8 33. Bc7 Re7 34. Bd8 Re8 1/2-1/2

[Event "Barcelona Sant Marti op-A 17th"]
[Site "Barcelona"]
[Date "2015.07.15"]
[Round "3"]
[White "Nabuurs, Joep"]
[Black "Pettersen, Joar Gullestad"]
[Result "1/2-1/2"]
[WhiteElo "2293"]
[BlackElo "1968"]
[PlyCount "73"]
[EventDate "2015.07.13"]
[EventType "swiss"]
[EventRounds "9"]
[EventCountry "ESP"]
[SourceTitle "CBM 167 Extra"]
[Source "ChessBase"]
[SourceDate "2015.09.14"]
[SourceVersion "1"]
[SourceVersionDate "2015.09.14"]
[SourceQuality "1"]

1. e4 e6 2. d4 d5 3. Nc3 Nf6 4. Bg5 Bb4 5. exd5 Qxd5 6. Bxf6 gxf6 7. Qd2 Qa5 8. Bd3 Nc6 9. Nge2 Bd7 10. 0-0 0-0-0 11. a3 Bxc3 12. bxc3 e5 13. Rfb1 Nxd4 14. Nxd4 exd4 15. Be4 c6 16. Qxd4 f5 17. Bd3 Be6 18. Qf6 Rhg8 19. Rb4 Qd5 20. g3 Qf3 21. Qe5 Rxd3 22. cxd3 Bd5 23. Kf1 Qxd3+ 24. Ke1 Bc4 25. Rxc4 Qxc4 26. Qxf5+ Kc7 27. Qe5+ Kc8 28. Rd1 Qe6 29. Qxe6+ fxe6 30. Ke2 Kc7 31. Ke3 Rg5 32. Rd4 h5 33. h4 Ra5 34. a4 Rc5 35. Kd3 Rf5 36. f4 b5 37. axb5 1/2-1/2

[Event "Barcelona Sant Marti op-A 17th"]
[Site "Barcelona"]
[Date "2015.07.14"]
[Round "2"]
[White "Kanmazalp, Ogulcan"]
[Black "Nabuurs, Joep"]
[Result "1-0"]
[WhiteElo "2468"]
[BlackElo "2293"]
[PlyCount "95"]
[EventDate "2015.07.13"]
[EventType "swiss"]
[EventRounds "9"]
[EventCountry "ESP"]
[SourceTitle "CBM 167 Extra"]
[Source "ChessBase"]
[SourceDate "2015.09.14"]
[SourceVersion "1"]
[SourceVersionDate "2015.09.14"]
[SourceQuality "1"]

1. e4 e5 2. Nf3 Nc6 3. Bb5 a6 4. Ba4 Nf6 5. 0-0 b5 6. Bb3 Be7 7. d4 d6 8. c3 Bg4 9. Be3 0-0 10. Nbd2 Re8 11. d5 Na5 12. Bc2 c6 13. b4 Nc4 14. Nxc4 bxc4 15. dxc6 Qc7 16. h3 Bxf3 17. Qxf3 Qxc6 18. a4 a5 19. Rab1 Bd8 20. Rfd1 Bb6 21. Bxb6 Qxb6 22. bxa5 Qc7 23. Rb6 Red8 24. Rdb1 Rxa5 25. Rb7 Qc5 26. R1b4 Rc8 27. g4 h6 28. h4 Rf8 29. Qe2 Qc8 30. g5 hxg5 31. hxg5 Nh7 32. g6 fxg6 33. Qxc4+ Kh8 34. Qxc8 Rxc8 35. Rb8 Ra8 36. Rxc8+ Rxc8 37. a5 Ra8 38. a6 Ng5 39. Rb6 Ne6 40. Bb3 Nc5 41. Bc4 Ra7 42. f3 Na4 43. Rb7 Ra8 44. a7 Kh7 45. Bd5 Nxc3 46. Bc6 Ne2+ 47. Kf2 Nd4 48. Bd5 1-0

[Event "Barcelona Sant Marti op-A 17th"]
[Site "Barcelona"]
[Date "2015.07.13"]
[Round "1"]
[White "Nabuurs, Joep"]
[Black "Singhai, Niklesh Jain"]
[Result "1-0"]
[WhiteElo "2293"]
[BlackElo "1904"]
[PlyCount "159"]
[EventDate "2015.07.13"]
[EventType "swiss"]
[EventRounds "9"]
[EventCountry "ESP"]
[SourceTitle "CBM 167 Extra"]
[Source "ChessBase"]
[SourceDate "2015.09.14"]
[SourceVersion "1"]
[SourceVersionDate "2015.09.14"]
[SourceQuality "1"]

1. e4 c5 2. Nf3 Nc6 3. d4 cxd4 4. Nxd4 g6 5. c4 Nf6 6. Nc3 d6 7. Nc2 a5 8. Be2 Bg7 9. 0-0 0-0 10. Na3 Bd7 11. Be3 Nb4 12. Nab5 Na6 13. f3 Bc6 14. Rf2 Nd7 15. Bf1 Nac5 16. Rc1 Bxb5 17. Nxb5 Qb6 18. b3 Rfc8 19. g3 Qd8 20. Rd2 Qf8 21. Bh3 Rd8 22. Nc7 Rab8 23. Nd5 Nf6 24. Nxf6+ Bxf6 25. Bg2 Rdc8 26. Rdc2 Qg7 27. Qd2 b6 28. Bf2 h5 29. h4 g5 30. hxg5 Bxg5 31. f4 Bf6 32. Qd1 Qh7 33. Qe2 Kh8 34. Rd1 Rg8 35. Rd5 Rg6 36. Rxh5 Rh6 37. Rxh6 Qxh6 38. Rd2 Kg7 39. Qg4+ Qg6 40. Qxg6+ Kxg6 41. Be3 Bc3 42. Rc2 Ba1 43. Kf2 a4 44. bxa4 Nxa4 45. Rc1 Bb2 46. Rc2 Ba1 47. Bf3 Nc5 48. g4 f6 49. Kg3 Ra8 50. e5 Ra3 51. Bc1 Rc3 52. Rxc3 Bxc3 53. exd6 exd6 54. Be3 Be1+ 55. Kg2 f5 56. Bd1 fxg4 57. Bxg4 Bc3 58. Bd1 Kf6 59. Bc2 Ke6 60. Kf3 Kf6 61. Bf2 Bb2 62. Bh4+ Kf7 63. Bd8 Ne6 64. Bxb6 Bd4 65. Ba5 Bc5 66. Ke4 Nd4 67. Bd1 Nc6 68. Bc3 Nb4 69. a4 Na2 70. Bd2 Nb4 71. Bxb4 Bxb4 72. Kd5 Ke7 73. Kc6 Ke6 74. Bg4+ Ke7 75. Bc8 Kd8 76. Be6 Ke7 77. f5 Kd8 78. f6 Bc3 79. f7 Ke7 80. Bd5 1-0

[Event "Oberliga NRW 1415"]
[Site "Germany"]
[Date "2015.03.01"]
[Round "7.2"]
[White "Nabuurs, Joep"]
[Black "Schmitz, Philipp"]
[Result "1/2-1/2"]
[WhiteElo "2257"]
[BlackElo "2126"]
[PlyCount "105"]
[EventDate "2014.09.14"]
[EventType "team-tourn"]
[EventRounds "9"]
[EventCountry "GER"]
[SourceTitle "EXT 2017"]
[Source "ChessBase"]
[SourceDate "2016.10.25"]
[SourceVersion "1"]
[SourceVersionDate "2016.10.25"]
[SourceQuality "1"]
[WhiteTeam "Muelheim Nord II"]
[BlackTeam "Lieme"]
[WhiteTeamCountry "GER"]
[BlackTeamCountry "GER"]

1. e4 c5 2. Nf3 d6 3. d4 cxd4 4. Nxd4 Nf6 5. Nc3 a6 6. Be3 e5 7. Nb3 Be6 8. f3 Be7 9. Qd2 Nbd7 10. g4 0-0 11. g5 Nh5 12. 0-0-0 b5 13. Nd5 Bxd5 14. exd5 Nf4 15. h4 f6 16. Bxf4 exf4 17. Nd4 fxg5 18. Ne6 Qb6 19. hxg5 Qe3 20. Bd3 g6 21. Nxf8 Rxf8 22. Rhg1 Qxf3 23. Rdf1 Qxd5 24. Rxf4 Qxa2 25. Rxf8+ Bxf8 26. Qe3 Ne5 27. Be2 Qa1+ 28. Kd2 Qxb2 29. Qb3+ Qxb3 30. cxb3 Be7 31. Kc3 Nc6 32. Bf3 b4+ 33. Kd2 Ne5 34. Bd5+ Kg7 35. Ke3 a5 36. Ke4 h6 37. gxh6+ Kxh6 38. Be6 Kg7 39. Ra1 Kf6 40. Bg8 Bd8 41. Kd5 Ke7 42. Rh1 Ng4 43. Re1+ Ne5 44. Be6 Bb6 45. Rh1 Bc5 46. Rh7+ Kf6 47. Rh8 Kg5 48. Ra8 Kf4 49. Rxa5 g5 50. Rxc5 dxc5 51. Kxc5 Nd3+ 52. Kc4 Nc1 53. Kxb4 1/2-1/2

[Event "Oberliga NRW 1314"]
[Site "Germany"]
[Date "2013.12.08"]
[Round "4.2"]
[White "Kuipers, Stefan"]
[Black "Nabuurs, Joep"]
[Result "1/2-1/2"]
[WhiteElo "2391"]
[BlackElo "2214"]
[PlyCount "57"]
[EventDate "2013.09.15"]
[EventType "team-tourn"]
[EventRounds "9"]
[EventCountry "GER"]
[SourceTitle "EXT 2015"]
[Source "ChessBase"]
[SourceDate "2014.11.20"]
[SourceVersion "1"]
[SourceVersionDate "2014.11.20"]
[SourceQuality "1"]
[WhiteTeam "Emsdetten Turm II"]
[BlackTeam "Muelheim II"]
[WhiteTeamCountry "GER"]
[BlackTeamCountry "GER"]

1. e4 c5 2. Nf3 d6 3. d4 cxd4 4. Nxd4 Nf6 5. f3 e5 6. Nb3 Be6 7. c4 a5 8. Be3 a4 9. N3d2 Qa5 10. Be2 Be7 11. 0-0 Bd8 12. c5 dxc5 13. Na3 0-0 14. Qc2 Nc6 15. Qxc5 Nd4 16. Qxa5 Nxe2+ 17. Kf2 Bxa5 18. Kxe2 Rac8 19. Rfc1 b5 20. Bc5 Bxd2 21. Kxd2 Rfd8+ 22. Ke3 Nd7 23. Be7 Rxc1 24. Rxc1 Re8 25. Bd6 Nb6 26. Rc6 Nc4+ 27. Nxc4 Bxc4 28. a3 f6 29. g3 1/2-1/2

[Event "Goch op 24th"]
[Site "Goch"]
[Date "2013.09.06"]
[Round "2"]
[White "Nabuurs, Joep"]
[Black "Aymans, Rainer"]
[Result "1-0"]
[WhiteElo "2200"]
[BlackElo "1887"]
[PlyCount "59"]
[EventDate "2013.09.05"]
[EventType "swiss"]
[EventRounds "7"]
[EventCountry "GER"]
[SourceTitle "EXT 2015"]
[Source "ChessBase"]
[SourceDate "2014.11.20"]
[SourceVersion "1"]
[SourceVersionDate "2014.11.20"]
[SourceQuality "1"]

1. e4 e6 2. d4 d5 3. Nc3 Bb4 4. exd5 exd5 5. Bd3 Nf6 6. Bg5 h6 7. Bh4 0-0 8. Nge2 Bxc3+ 9. Nxc3 Re8+ 10. Ne2 Bg4 11. f3 Bh5 12. Qd2 Bg6 13. Bxg6 fxg6 14. 0-0-0 Nbd7 15. Rhe1 c6 16. Qd3 Nf8 17. Bg3 Nh5 18. Be5 Qg5+ 19. Kb1 Qxg2 20. Rg1 Qh3 21. Rg4 Rxe5 22. dxe5 Qxh2 23. f4 Re8 24. Qf3 Nf6 25. Rg2 Qh5 26. Qb3 Re7 27. Qb4 Kf7 28. exf6 Rxe2 29. Rxe2 Qxe2 30. Re1 1-0

[Event "Geraardsbergen op"]
[Site "Geraardsbergen"]
[Date "2013.08.13"]
[Round "7"]
[White "Sarrau, Jelle"]
[Black "Nabuurs, Joep"]
[Result "1-0"]
[WhiteElo "2305"]
[BlackElo "2206"]
[PlyCount "97"]
[EventDate "2013.08.10"]
[EventType "swiss"]
[EventRounds "9"]
[EventCountry "BEL"]
[SourceTitle "CBM 155 Extra"]
[Source "ChessBase"]
[SourceDate "2013.08.26"]
[SourceVersion "1"]
[SourceVersionDate "2013.08.26"]
[SourceQuality "1"]

1. Nf3 Nf6 2. c4 e6 3. g3 d5 4. Bg2 dxc4 5. 0-0 c5 6. Na3 Nc6 7. Nxc4 Be7 8. b3 Rb8 9. Bb2 0-0 10. d4 Qc7 11. dxc5 Bxc5 12. Nce5 Nb4 13. a3 Rd8 14. Qb1 Nc2 15. Ra2 Nd4 16. Ba1 Nxf3+ 17. Nxf3 Bd7 18. Ng5 e5 19. b4 Bd6 20. Rc1 Qb6 21. Ne4 Nxe4 22. Bxe4 h6 23. Rd2 Ba4 24. Bd5 a5 25. bxa5 Qxa5 26. Bc3 Qa6 27. Bb4 Bxb4 28. Qxb4 Qb5 29. Qe4 Qe8 30. Rc7 Bb3 31. Bxb3 Rxd2 32. Bxf7+ Qxf7 33. Rxf7 Kxf7 34. Qf5+ Kg8 35. Qxe5 Rbd8 36. Kg2 Kh8 37. Qe7 R2d7 38. Qb4 Rc7 39. e4 Rb8 40. Qd6 Rcc8 41. e5 Ra8 42. e6 Re8 43. e7 b5 44. Qd7 Rab8 45. f4 g6 46. g4 Kg7 47. f5 gxf5 48. gxf5 Rg8 49. e8Q+ 1-0

[Event "Geraardsbergen op"]
[Site "Geraardsbergen"]
[Date "2013.08.11"]
[Round "4"]
[White "Nabuurs, Joep"]
[Black "Claesen, Pieter"]
[Result "1-0"]
[WhiteElo "2206"]
[BlackElo "2342"]
[PlyCount "41"]
[EventDate "2013.08.10"]
[EventType "swiss"]
[EventRounds "9"]
[EventCountry "BEL"]
[SourceTitle "CBM 155 Extra"]
[Source "ChessBase"]
[SourceDate "2013.08.26"]
[SourceVersion "1"]
[SourceVersionDate "2013.08.26"]
[SourceQuality "1"]

1. e4 e6 2. d4 d5 3. Nc3 Nc6 4. Nf3 Nf6 5. Bd3 Bb4 6. 0-0 Bxc3 7. exd5 Bxb2 8. Bxb2 Qxd5 9. c4 Qd6 10. Qb3 a5 11. Ba3 Nxd4 12. Nxd4 Qxd4 13. Rad1 Qb6 14. Qc3 Bd7 15. Rd2 Bc6 16. Bc2 h5 17. Rb1 Qa6 18. Qg3 Nd7 19. Qxc7 f5 20. Rxd7 Bxd7 21. Rb6 1-0

[Event "Geraardsbergen op"]
[Site "Geraardsbergen"]
[Date "2013.08.10"]
[Round "1"]
[White "Van Laeken, Jonathan"]
[Black "Nabuurs, Joep"]
[Result "0-1"]
[WhiteElo "1761"]
[BlackElo "2206"]
[PlyCount "46"]
[EventDate "2013.08.10"]
[EventType "swiss"]
[EventRounds "9"]
[EventCountry "BEL"]
[SourceTitle "CBM 155 Extra"]
[Source "ChessBase"]
[SourceDate "2013.08.26"]
[SourceVersion "1"]
[SourceVersionDate "2013.08.26"]
[SourceQuality "1"]

1. d4 Nf6 2. Nc3 d5 3. Bg5 Nbd7 4. Qd3 c5 5. Nf3 e6 6. e3 c4 7. Qd2 Bb4 8. Be2 Qa5 9. 0-0 Ne4 10. Qd1 Nxc3 11. bxc3 Bxc3 12. Rb1 Qxa2 13. e4 f6 14. Bd2 Bxd2 15. Qxd2 Qa3 16. exd5 exd5 17. Nh4 0-0 18. Bf3 Nb6 19. Qf4 g5 20. Qg3 Qe7 21. Rfe1 Qg7 22. Qd6 gxh4 23. h3 Bf5 0-1

[Event "Maastricht Limburg op-A 7th"]
[Site "Maastricht"]
[Date "2013.05.20"]
[Round "6"]
[White "Nabuurs, Joep"]
[Black "Coenen, Michael"]
[Result "0-1"]
[WhiteElo "2206"]
[BlackElo "2295"]
[PlyCount "74"]
[EventDate "2013.05.17"]
[EventType "swiss"]
[EventRounds "7"]
[EventCountry "NED"]
[SourceTitle "EXT 2014"]
[Source "ChessBase"]
[SourceDate "2013.11.20"]
[SourceVersion "1"]
[SourceVersionDate "2013.11.20"]
[SourceQuality "1"]

1. e4 c5 2. Nf3 Nc6 3. d4 cxd4 4. Nxd4 d5 5. Bb5 dxe4 6. Nxc6 Qxd1+ 7. Kxd1 a6 8. Ba4 Bd7 9. Nc3 Bxc6 10. Bxc6+ bxc6 11. Nxe4 e5 12. Ke2 f5 13. Nd2 Bd6 14. Nc4 Bc7 15. Bd2 Nf6 16. Bc3 0-0-0 17. g3 Rhe8 18. Rhd1 Ne4 19. Be1 g6 20. Rxd8+ Rxd8 21. Rd1 Nd6 22. Nxe5 Re8 23. f4 Nf7 24. Bc3 Bxe5 25. Bxe5 Nxe5 26. fxe5 Rxe5+ 27. Kf3 Kc7 28. Rd2 h6 29. c4 Re4 30. b3 a5 31. Re2 Rxe2 32. Kxe2 Kd6 33. a3 c5 34. Kd3 g5 35. h3 a4 36. b4 cxb4 37. axb4 a3 0-1

[Event "Vlissingen HZ op 15th"]
[Site "Vlissingen"]
[Date "2011.08.04"]
[Round "7"]
[White "De Vleeschauwer, Maarten"]
[Black "Nabuurs, Joep"]
[Result "1/2-1/2"]
[WhiteElo "1918"]
[BlackElo "2218"]
[PlyCount "108"]
[EventDate "2011.07.30"]
[EventType "swiss"]
[EventRounds "9"]
[EventCountry "NED"]
[SourceTitle "CBM 143 Extra"]
[Source "ChessBase"]
[SourceDate "2011.08.29"]
[SourceVersion "1"]
[SourceVersionDate "2011.08.29"]
[SourceQuality "1"]

1. e4 e5 2. Nf3 Nc6 3. Bc4 Bc5 4. c3 Nf6 5. d3 a6 6. Bb3 Ba7 7. Nbd2 0-0 8. Nf1 d5 9. Qe2 Re8 10. Ng3 h6 11. h3 Be6 12. Bc2 dxe4 13. dxe4 Qe7 14. Nh4 Rad8 15. Nhf5 Qc5 16. Qf3 Bxf5 17. Nxf5 Nd4 18. Nxd4 exd4 19. 0-0 Qc6 20. Re1 Re6 21. Qd3 Rde8 22. cxd4 Rxe4 23. Rxe4 Qxe4 24. Qxe4 Nxe4 25. Be3 Nf6 26. Bb3 Rd8 27. Rd1 Nd5 28. Kf1 Kf8 29. Ke2 Ke7 30. Kf3 c6 31. g4 Kd7 32. Bxd5 cxd5 33. Rc1 Re8 34. Rc3 Re6 35. b3 Bb6 36. a3 Rf6+ 37. Ke2 Rc6 38. Rxc6 Kxc6 39. h4 Bd8 40. h5 Be7 41. Bc1 Kd7 42. f4 Ke6 43. f5+ Kf6 44. a4 b5 45. axb5 axb5 46. Bd2 Bf8 47. Kf3 g6 48. fxg6 fxg6 49. hxg6 Kxg6 50. Kf4 Bd6+ 51. Kf3 Bf8 52. Kf4 Bd6+ 53. Kf3 Be7 54. Kg3 Bg5 1/2-1/2

[Event "Vlissingen HZ op 15th"]
[Site "Vlissingen"]
[Date "2011.08.02"]
[Round "5"]
[White "Henrichs, Thomas"]
[Black "Nabuurs, Joep"]
[Result "1-0"]
[WhiteElo "2475"]
[BlackElo "2218"]
[PlyCount "55"]
[EventDate "2011.07.30"]
[EventType "swiss"]
[EventRounds "9"]
[EventCountry "NED"]
[SourceTitle "CBM 143 Extra"]
[Source "ChessBase"]
[SourceDate "2011.08.29"]
[SourceVersion "1"]
[SourceVersionDate "2011.08.29"]
[SourceQuality "1"]

1. d4 Nf6 2. c4 e6 3. Nc3 Bb4 4. e3 d5 5. a3 Bxc3+ 6. bxc3 c5 7. cxd5 exd5 8. Bd3 0-0 9. Ne2 b6 10. 0-0 Ba6 11. f3 Re8 12. Ng3 Qc8 13. Bxa6 Qxa6 14. e4 Qc4 15. Bg5 dxe4 16. Bxf6 e3 17. Be5 Nc6 18. f4 f6 19. Qf3 fxe5 20. dxe5 Na5 21. Qxe3 Rad8 22. Rad1 Rxd1 23. Rxd1 Qa4 24. Qf3 Qxa3 25. Nf5 Qb3 26. Nd6 Rb8 27. f5 h6 28. Re1 1-0

[Event "Maastricht Limburg op-A 5th"]
[Site "Maastricht"]
[Date "2011.06.13"]
[Round "3"]
[White "Nabuurs, Joep"]
[Black "Wiley, Tom E"]
[Result "1/2-1/2"]
[WhiteElo "2212"]
[BlackElo "2296"]
[PlyCount "58"]
[EventDate "2011.06.10"]
[EventType "swiss"]
[EventRounds "7"]
[EventCountry "NED"]
[SourceTitle "CBM 142 Extra"]
[Source "ChessBase"]
[SourceDate "2011.06.27"]
[SourceVersion "1"]
[SourceVersionDate "2011.06.27"]
[SourceQuality "1"]

1. e4 e6 2. d4 d5 3. Nc3 Bb4 4. exd5 exd5 5. Bd3 Nc6 6. a3 Bxc3+ 7. bxc3 Be6 8. Ne2 Qd7 9. Ng3 g6 10. 0-0 0-0-0 11. a4 Na5 12. Ba3 f5 13. Ne2 Nf6 14. Nc1 Nc4 15. Nb3 Bf7 16. a5 Rde8 17. Nd2 Ne4 18. Bxc4 dxc4 19. Bb4 Nxd2 20. Qxd2 Bd5 21. Rfe1 a6 22. Re5 Re6 23. Rae1 Rhe8 24. Qf4 Be4 25. f3 Rxe5 26. dxe5 Bxc2 27. Qxc4 Qd2 28. Qe2 Qxe2 29. Rxe2 Bb3 1/2-1/2

[Event "Maastricht Limburg op-A 5th"]
[Site "Maastricht"]
[Date "2011.06.13"]
[Round "6"]
[White "Timmermans, Ivo"]
[Black "Nabuurs, Joep"]
[Result "1-0"]
[WhiteElo "2219"]
[BlackElo "2212"]
[PlyCount "120"]
[EventDate "2011.06.10"]
[EventType "swiss"]
[EventRounds "7"]
[EventCountry "NED"]
[SourceTitle "CBM 142 Extra"]
[Source "ChessBase"]
[SourceDate "2011.06.27"]
[SourceVersion "1"]
[SourceVersionDate "2011.06.27"]
[SourceQuality "1"]

1. e4 c5 2. Nf3 d6 3. d4 cxd4 4. Nxd4 Nf6 5. Nc3 a6 6. Bg5 e6 7. f4 Be7 8. Qf3 Qc7 9. 0-0-0 Nbd7 10. g4 b5 11. Bxf6 Nxf6 12. g5 Nd7 13. f5 Bxg5+ 14. Kb1 Ne5 15. Qh5 Qe7 16. Rg1 Bf6 17. fxe6 g6 18. exf7+ Nxf7 19. Qe2 Bb7 20. a3 Bxd4 21. Rxd4 Qe5 22. Rd2 Rc8 23. Qg4 0-0 24. h4 Rc5 25. Bd3 Bc8 26. Qd1 Be6 27. Be2 a5 28. Rd4 Rb8 29. h5 g5 30. Bg4 Bxg4 31. Rxg4 b4 32. axb4 axb4 33. Rd5 bxc3 34. Rxe5 Rxb2+ 35. Kc1 Rxe5 36. Qd4 h6 37. Rg3 Rbb5 38. Rxc3 Rbc5 39. Rb3 Rc8 40. Rb4 Rec5 41. Rb2 Re5 42. Rb7 Rec5 43. Rb2 Re5 44. Kd2 g4 45. Rb7 Ng5 46. Kd1 Nxe4 47. Qa7 Rg5 48. Rb8 Rxb8 49. Qxb8+ Kf7 50. Qb7+ Kf6 51. Qxe4 g3 52. Qg2 d5 53. Ke2 Ke5 54. Kf3 Rf5+ 55. Ke3 Rg5 56. Ke2 Kf4 57. Kf1 Rxh5 58. Qd2+ Kg4 59. Qd1+ Kh4 60. Kg2 Rg5 1-0

[Event "Groningen op-A"]
[Site "Groningen"]
[Date "2009.12.21"]
[Round "1"]
[White "Brandenburg, Daan"]
[Black "Nabuurs, Joep"]
[Result "1/2-1/2"]
[WhiteElo "2481"]
[BlackElo "2191"]
[PlyCount "57"]
[EventDate "2009.12.21"]
[EventType "swiss"]
[EventRounds "9"]
[EventCountry "NED"]
[SourceTitle "CBM 134 Extra"]
[Source "ChessBase"]
[SourceDate "2010.03.03"]
[SourceVersion "1"]
[SourceVersionDate "2010.03.03"]
[SourceQuality "1"]

1. e4 e5 2. Nf3 Nc6 3. Bc4 Nf6 4. Ng5 d5 5. exd5 b5 6. Bf1 h6 7. Nf3 Qxd5 8. Nc3 Qe6 9. Bxb5 Bb7 10. 0-0 0-0-0 11. Re1 Qg4 12. h3 Qg6 13. Nh4 Qh7 14. Bd3 Rxd3 15. cxd3 g5 16. Nf3 g4 17. hxg4 Nxg4 18. Qa4 Qg7 19. Re4 Rg8 20. Rxg4 Qxg4 21. Qxg4+ Rxg4 22. Ne1 Bc5 23. Nd1 Ba6 24. b3 Nb4 25. Ne3 Rg5 26. Nc4 Rf5 27. Ne3 Rg5 28. Nc4 Rf5 29. Ne3 1/2-1/2